000 00309nam a2200109Ia 4500
008 220204s9999 xx 000 0 und d
082 _a339.1:634.573
_bCAS
245 0 _aCashew trade mission to Italy and France 1964
260 _aKerala
_bCashew Export Promotion Council
_c1964
650 _aCashew
942 _cBK
999 _c23565
_d23565